Monsters At Work Characters Quiz - Statistics

General Stats
  • This quiz has been taken 61 times
  • The average score is 10 of 16
Answer Stats
Question # Hint Answer % Correct
6. The CoCEO of Monsters Inc. who leads comedy class Mike
93%
7. The other CEO of Monsters Inc. Sully
88%
1. A monster that comes to Monsters Inc in the hopes of becoming a Scarer Tylor
83%
3. A MIFTer who went to school with #1 Val
79%
4. A MIFTer whose goal is to get #2’s job Duncan
76%
2. The leader of MIFT Fritz
76%
5. A MIFTer who collects pieces of dead people Cutter
74%
9. #6’s girlfriend Celia
67%
8. The slug-like monster who replaces her sister Roze
64%
16. #6 but blue Gary
43%
10. The monster who is in charge of Jokester auditions Ms. Flint
43%
14. The MIFTer that leaves to become a Jokester in the 1st episode Banana Bread
40%
15. The monster that returns to Monsters Inc. from the Himalayas Adorable Snowman
38%
11. The tall skinny janitor Needleman
38%
12. The slug-like, fat janitor Smitty
38%
13. The kid who convinces #10 to let #1 be a Jokester Thalia
31%
No matching quizzes found
Score Distribution
Percent of People with Each Score
Percentile by Number Answered
Your Score History
You have not taken this quiz